000 00392nam a2200157Ia 4500
005 20250521032632.0
008 240331s9999 xx 000 0 und d
020 _a955952268X
082 _bKAR
_a302
100 _aKarunanayake,N
245 0 _aSannivedana vidhi
260 _aNugegoda
_bMedia Publishers
_c1994
300 _a136 p .,
500 _aA Book of Communication Methods
942 _cL
999 _c5100
_d5100